| 000 | 01791nam a2200313Ia 4500 | ||
|---|---|---|---|
| 008 | 130821s1988 xxua gs eng | ||
| 020 | _a783249268 | ||
| 040 |
_aCo-BoUCM _bspa |
||
| 041 | 0 | 0 | _aeng |
| 092 | _aDVD 0491 | ||
| 245 | 0 | 0 |
_aTalk Radio the last neighborhood in America _c[DVD] _c[dirigida por] Oliver Stone |
| 246 | _aHablando con la muerte | ||
| 260 |
_aWashington D.C. (Estados Unidos) _bCineplex Odeon Films _c1988 |
||
| 300 |
_a1 DVD (109 min. ) _bson. color |
||
| 500 | _aSINOPSIS : Barry Champlain es un cínico y cruel animador de un programa de radio nocturno de gran audiencia en Dallas. Es una persona voluble, muchas veces simpático, pero también punzante y odioso en ocasiones, que incluso recibe amenazas por sus afirmaciones y opiniones claras y contundentes; un día de trabajo en la radio, Barry recibe la llamada de un psicópata que dice que lo quiere matar esta misma noche. | ||
| 508 | _aDirector, Oliver Stone; Productor, Edward R. Pressman; Guión, Eric Bogosian & Oliver Stone; Música, Stewart Copeland; Fotografía, Robert Richardson. | ||
| 511 | _aEric Bogosian, Ellen Greene, John C. McGinley, Leslie Hope, Alec Baldwin, Michael Wincott, John Pankow. | ||
| 546 | _aAudio en Inglés, Español y Francés. | ||
| 650 | 0 | 4 |
_aEntretenimiento _926487 |
| 650 | 0 | 4 |
_aLocutores de radio _xAspectos sociológicos _vDVD _918787 |
| 650 | 0 | 4 |
_aPelículas cinematográficas _zEstados Unidos _vDVD _97903 |
| 650 | 0 | 4 |
_aPelículas de suspenso _vDVD _921240 |
| 650 | 0 | 4 |
_aSociología _9386 |
| 650 | 0 | 4 |
_aTrastornos mentales en el cine _vDVD _925787 |
| 700 | 1 |
_aStone, Oliver _d1946- _edir. |
|
| 710 | 2 | _aCineplex Odeon Films | |
| 856 | 0 | 4 |
_uhttp://www.youtube.com/watch?v=M5E9RV9TyEo _zSiga este vínculo para ver el trailer. |
| 942 |
_cMULTIMEDIA _2LOCAL _a5 _e1 |
||
| 999 |
_c62838 _d62838 |
||